| 000 | 00415nam a2200157Ia 4500 | ||
|---|---|---|---|
| 008 | 210716s2001 xx 000 0 und d | ||
| 020 | _a032402097X | ||
| 041 | _aeng | ||
| 082 | _a658.1 DAFR | ||
| 100 | _aDaft, Richard L. | ||
| 245 | _aEssential of organization theory and design. | ||
| 250 | _a2 | ||
| 260 |
_aUSA _bSouth Western Thomson learning _c2001 |
||
| 300 | _avii,213 | ||
| 650 | _aOrganization Design | ||
| 999 |
_c200720 _d200720 |
||